000 00902cam a2200277 i 4500
001 409568
003 OSt
005 20160711145551.0
008 800506s1980 nyu b 000 0 eng
010 _a 80015988
020 _a0917724216 (pbk.)
020 _a0917724208
040 _aDLC
_cDLC
_dDLC
043 _an-us---
082 _aWA 100
_bTRA 1980
100 1 _aTrager, Brahna.
_910095
245 1 0 _aHome health care and national health policy /
_cby Brahna Trager.
260 _aNew York, N.Y. :
_bHaworth Press,
_c1980.
300 _a103 p. ;
_c24 cm.
500 _aPublished also as Home health care services quarterly, v. 1, no. 2, spring 1980.
504 _aIncludes bibliographical references.
650 0 _aHome care services
_zUnited States.
_910096
650 0 _aMedical policy
_zUnited States.
_910097
906 _a7
_bcbc
_corignew
_d1
_eocip
_f19
_gy-gencatlg
942 _2z
_cO_SHELF
999 _c4693
_d4693